|
|
|
|
| LEADER |
01081nab#a2200361#ar4500 |
| 001 |
000124612 |
| 003 |
SVKKK |
| 005 |
20181205090132.0 |
| 008 |
131126d1915 xo |||||||||||||||b|hun |
| FMT |
|
|
|
| 038 |
|
|
|a SVKKK
|
| 040 |
|
|
|a SVKKK
|b slo
|e AACR2
|
| 041 |
0 |
|
|a hun
|
| 044 |
|
|
|a xo
|c SK
|
| 080 |
|
|
|a 262.143
|2 2011
|
| 080 |
|
|
|a 005.966
|2 2011
|
| 242 |
1 |
0 |
|a Synodálna skúška
|
| 245 |
1 |
0 |
|a Synodális vizsga
|
| 520 |
3 |
|
|a Farár z obce Harichovce (Pálmafalva) István Szalay zložil s vynikajúcim výsledkom synodálnu skúšku v Spišskej Kapitule.
|
| 600 |
1 |
4 |
|a Szalay, István
|x rímskokatolícky farár
|y 1915
|z Harichovce (Slovensko)
|z Spišská Kapitula (Slovensko)
|
| 648 |
0 |
4 |
|a 1915
|
| 650 |
0 |
4 |
|a rímskokatolícki farári
|
| 650 |
0 |
4 |
|a kariéra
|
| 651 |
|
4 |
|a Harichovce (Slovensko)
|
| 651 |
|
4 |
|a Spišská Kapitula (Slovensko)
|
| 655 |
|
4 |
|a hungariká
|
| 773 |
0 |
|
|t Szepesi Lapok : Politikai És Tátrai Ujság
|g Roč. XXXI, č. 57 (21.5.1915), s. 4
|
| 958 |
|
|
|a HU
|
| 974 |
|
|
|a vsz
|
| 992 |
|
|
|a RBX
|
| BAS |
|
|
|
| 852 |
|
|
|a SVKKK
|b BIB
|
| 998 |
|
|
|a RETRO
|